000 00485nam a2200193Ia 4500
008 151121s9999||||xx |||||||||||||| ||und||
082 _a320/GHO
082 _bHNW-2602
100 _aGhosh J। C।
245 2 _aA Book For The Swadeshi
260 _b"Jagadish Chandra Ghosh, Dacca"
260 _c--
300 _a304
600 _aGhosh J। C।
630 _aA Book For The Swadeshi
700 _aGhosh J। C।
730 _aA Book For The Swadeshi
942 _cBOOK
999 _c1211452
_d1211449